Felelősségvállalás társadalmi szemszögből – a tudatos fogyasztó

Bibliográfiai részletek
Szerző: Takács Kinga Zsófia
További közreműködők: Győri Dr. Zsuzsanna
Dokumentumtípus: Diplomadolgozat
Kulcsszavak:Tudatosság
felelős fogyasztás
Fenntartható fogyasztás
Online Access:http://dolgozattar.uni-bge.hu/15937

MARC

LEADER 00000nta a2200000 i 4500
001 dolg15937
005 20200320093842.0
008 180515suuuu hu om 000 hun d
040 |a BGE Dolgozattár Repozitórium  |b hun 
041 |a hu 
100 1 |a Takács Kinga Zsófia 
245 1 0 |a Felelősségvállalás társadalmi szemszögből – a tudatos fogyasztó  |c Takács Kinga Zsófia  |h [elektronikus dokumentum] 
246 1 1 |a Felelősségvállalás társadalmi szemszögből – a tudatos fogyasztó 
695 |a Tudatosság 
695 |a felelős fogyasztás 
695 |a Fenntartható fogyasztás 
700 1 |a Győri Dr. Zsuzsanna  |e ths 
856 4 0 |u http://dolgozattar.uni-bge.hu/15937/1/Tak%C3%A1cs%20Kinga%20Zs%C3%B3fia%20-%20MVG474%20-%20Szakdolgozat%20-%20v%C3%A9gleges%20-%20teljes%20verzi%C3%B3.pdf  |z Dokumentum-elérés 
856 4 0 |u http://dolgozattar.uni-bge.hu/15937/2/nyilatkozat.pdf  |z Dokumentum-elérés